Statistics for Ultimate Australia Quiz

Click here to take the quiz!

General Stats

  • This quiz has been taken 2,551 times
    (814 since last reset)
  • The average score is 39 of 52

Answer Stats

HintAnswer% Correct
State/TerritoryQueensland
99%
Largest State/ Territory | State/TerritoryWestern Australia
99%
Native AnimalKangaroo
98%
State/TerritoryNew South Wales
98%
State/TerritoryVictoria
98%
State/TerritoryNorthern Territory
97%
State/TerritoryTasmania
97%
State/TerritorySouth Australia
96%
Big 5 CitiesSydney
96%
Capital CityCanberra
95%
Big 5 CitiesMelbourne
95%
Public Holiday: 26th JanuaryAustralia Day
94%
Big 5 CitiesBrisbane
93%
Big 5 CitiesPerth
93%
Famous Coral ReefGreat Barrier Reef
92%
Smallest State/Territory | State/TerritoryAustralian Capital Territory
91%
Public Holiday: 26th DecemberBoxing Day
90%
Native AnimalEmu
90%
Famous RockUluru
89%
Big 5 CitiesAdelaide
88%
Football LeagueAFL
87%
Big 4 BanksANZ
86%
Native AnimalKoala
83%
Famous 'House' in SydneySydney Opera House
82%
Company: SupermarketColes
81%
Company: National AirlineQantas
78%
Rugby LeagueNRL
76%
Company: Phone ProviderTelstra
76%
Public Holiday: 25th AprilANZAC Day
75%
Big 4 BanksCommonwealth
74%
Last 4 Prime MinisterJulia Gillard
73%
Longest RiverMurray River
67%
Last 4 Prime MinisterTony Abbott
67%
Last 4 Prime MinisterKevin Rudd
66%
Native AnimalPlatypus
63%
Company: National Car BrandHolden
62%
Biggest StadiumMelbourne Cricket Ground
62%
Big 4 BanksWestpac
62%
Big 4 BanksNAB
58%
Biggest AirportSydney Airport
51%
Native AnimalEchidna
49%
Last 4 Prime MinisterJohn Howard
49%
Cricket LeagueBBL
47%
Soccer LeagueA League
43%
Longest Mountain RangeGreat Dividing Range
41%
Native AnimalDingo
35%
Company: ElectronicsJB Hifi
31%
Company: Video GamesEB Games
28%
Tallest BuildingQ1
26%
Company: FashionMYER
16%

Score Distribution

Percentile by Number Answered

Percent of People with Each Score

Your Score History

You have not taken this quiz since the last reset